logo

Bir Sreshtho Munshi Abdur Rouf Library
Jhenaidah Cadet College

Public education under criticism / (Record no. 7676)

MARC details
000 -LEADER
fixed length control field 00880cam a2200277 4500
001 - CONTROL NUMBER
JCCL Control Number 7676
003 - CONTROL NUMBER IDENTIFIER
JCCL marc code BD-JhCC
005 - DATE AND TIME OF LATEST TRANSACTION
control field 20181006174703.0
008 - FIXED-LENGTH DATA ELEMENTS--GENERAL INFORMATION
fixed length control field 710930r1971 nyu 000 0 eng
020 ## - INTERNATIONAL STANDARD BOOK NUMBER
International Standard Book Number 0836925203
035 ## - SYSTEM CONTROL NUMBER
system control number (BD-JhCC)7676
040 ## - CATALOGING SOURCE
Original cataloging agency DLC
Transcribing agency DLC
Modifying agency DLC
-- BD-JhCC
041 ## - LANGUAGE CODE
Language code of Book eng
050 00 - LIBRARY OF CONGRESS CALL NUMBER
Classification number LA216
Item number .S35 1971
082 00 - DEWEY DECIMAL CLASSIFICATION NUMBER
Classification number 370/.973
Author mark and Year SCO 1971
100 1# - MAIN ENTRY--PERSONAL NAME
Personal name Scott, Cecil Winfield,
Dates associated with a name 1905-
245 10 - TITLE STATEMENT
Title Public education under criticism /
Statement of responsibility, etc by C. Winfield Scott and Clyde M. Hill.
260 ## - PUBLICATION, DISTRIBUTION, ETC. (IMPRINT)
Place of publication, distribution, etc Freeport, N.Y.,
Name of publisher, distributor, etc Books for Libraries Press
Date of publication, distribution, etc [1971, c1954]
300 ## - PHYSICAL DESCRIPTION
Pagination xiv, 414 p.
Dimensions 27 cm.
490 0# - SERIES STATEMENT
Series statement Essay index reprint series
500 ## - GENERAL NOTE
General note Original ed. issued in series: Prentice-Hall education series.
650 #0 - SUBJECT ADDED ENTRY--TOPICAL TERM
Topical term or geographic name as entry element Education
Geographic subdivision United States.
700 1# - ADDED ENTRY--PERSONAL NAME
Personal name Hill, Clyde M.
Fuller form of name (Clyde Milton),
Dates associated with a name 1886-
942 ## - ADDED ENTRY ELEMENTS (KOHA)
Source of classification or shelving scheme Dewey Decimal Classification
Koha item type Books
Holdings
Source of classification or shelving scheme Damaged status Not for loan Home library Current library Shelving location Total Checkouts Full call number Barcode Date last seen Copy number Koha item type
Dewey Decimal Classification     JCC Rouf Library JCC Rouf Library General Stacks   370/.973 SCO 1971 10309 02/13/2018 C -1 Books

JCC Library | Contacts | JCC Home

Last Update on 23 September 2017
Copyright @ 2017-2020 JCC Rouf Library
Rouf Library, Jhenidah Cadet College (JCC), Bangladesh